000 00357nam a2200097Ia 4500
005 20250424112845.0
008 250424s9999 xx 000 0 und d
300 _ax, 142 p. :ill. ; 28 cm.
650 _aNigeria--Politics and government--1993-2007--Periodicals. Africa--Politics and government--Periodicals. Africa--Economic policy--Periodicals.
942 _cSR
999 _c37534
_d37534